| 000 | 01053cam a2200349Ma 4500 | ||
|---|---|---|---|
| 001 | 87363 | ||
| 005 | 20230410115526.0 | ||
| 008 | 070814s2007 njua g b 001 0 eng d | ||
| 035 | _a(OCoLC)ocn318384777 | ||
| 040 |
_aZZAND _bspa _cZZAND _dOCLCQ |
||
| 020 | _a0132431564 | ||
| 020 | _a9780132431569 | ||
| 020 | _z0131830956 | ||
| 020 | _a9780131890954 | ||
| 020 | _a0131890956 | ||
| 020 | _a0131890786 | ||
| 020 | _a9780131890787 | ||
| 035 | _a(OCoLC)318384777 | ||
| 082 | 0 | 4 |
_a658.4 _bR511 _b2007 _221 |
| 050 | 1 | 4 |
_aHD58.7 _bR632o 2007 |
| 100 | 1 |
_aRobbins, Stephen P., _d1943- |
|
| 245 | 1 | 0 |
_aOrganizational behavior / _cStephen P. Robbins, Timothy A. Judge. |
| 250 | _a12th ed. | ||
| 260 |
_aUpper Saddle River, NJ : _bPearson/Prentice Hall, _cc2007. |
||
| 300 |
_axxxi, 759 p. : _bcol. il. ; _c29 cm. + _e1 disco compacto (4 3/4 plg.) |
||
| 504 | _aIncluye referencias bibliogrâaficas e âindice. | ||
| 650 | 1 | 4 | _aComportamiento organizacional. |
| 700 | 1 | _aJudge, Tim. | |
| 942 |
_2lcc _cbk |
||
| 994 |
_aC0 _bDRFGD |
||
| 946 | _ardc | ||
| 999 |
_c42934 _d42934 |
||